<?xml version="1.0" encoding="UTF-8"?>
<collection xmlns="http://www.loc.gov/MARC21/slim">
 <record>
  <leader>01296nam a2200205Ia 4500</leader>
  <controlfield tag="001">CTU_29611</controlfield>
  <controlfield tag="008">210402s9999    xx            000 0 und d</controlfield>
  <datafield tag="020" ind1=" " ind2=" ">
   <subfield code="c">8000</subfield>
  </datafield>
  <datafield tag="082" ind1=" " ind2=" ">
   <subfield code="a">808.8023</subfield>
  </datafield>
  <datafield tag="082" ind1=" " ind2=" ">
   <subfield code="b">M107</subfield>
  </datafield>
  <datafield tag="100" ind1=" " ind2=" ">
   <subfield code="a">Nguyễn, Đăng Mạnh</subfield>
  </datafield>
  <datafield tag="245" ind1=" " ind2="0">
   <subfield code="a">Muốn viết được bài văn hay</subfield>
  </datafield>
  <datafield tag="245" ind1=" " ind2="0">
   <subfield code="c">Nguyễn Đăng Mạnh chủ biên; Lưu Đức Hạnh, Đỗ Ngọc Thống</subfield>
  </datafield>
  <datafield tag="260" ind1=" " ind2=" ">
   <subfield code="a">Hà Nội</subfield>
  </datafield>
  <datafield tag="260" ind1=" " ind2=" ">
   <subfield code="b">Giáo Dục</subfield>
  </datafield>
  <datafield tag="260" ind1=" " ind2=" ">
   <subfield code="c">1998</subfield>
  </datafield>
  <datafield tag="520" ind1=" " ind2=" ">
   <subfield code="a">Sách cung cấp một kinh nghiệm thực tế kết hợp với một số nguyên tắc lý thuyết vừa cơ bản vừa thiết thực, nhằm đưa ra một quy trình làm nột bài văn từ các khâu chuẩn bị chất liệu, lập ý, lập đề cương đến thể hiện thành văn bản: mở bài, xay dựng các đoạn văn, chguyển đoạn, kết bài. Ngoài ra, ở phần phụ lục, sách giới thiệu 10 bài văn chọn lọc từ những kỳ thi học sinh giỏi (nhiều kiểu bài, nhiều đề tài khác nhau)</subfield>
  </datafield>
  <datafield tag="650" ind1=" " ind2=" ">
   <subfield code="a">Literature,Rhetoric</subfield>
  </datafield>
  <datafield tag="650" ind1=" " ind2=" ">
   <subfield code="x">study and teaching</subfield>
  </datafield>
  <datafield tag="980" ind1=" " ind2=" ">
   <subfield code="a">Trung tâm Học liệu Trường Đại học Cần Thơ</subfield>
  </datafield>
 </record>
</collection>
